000 00938nam a2200193 i 4500
001 151780
003 ES-MaACL
005 20230906204358.0
008 931025s1879 sp |||| | spa d
100 1 _aBedmar, Enrique G.
_9125886
245 1 0 _aMarte, Baco, Venus y Terpsicore
_b: comedia en dos actos y en verso /
_coriginal de Enrique G. Bedmar.
260 _aMadrid :
_b[Hijos de A. Gullon, Editores],
_c1879 (
_fImprenta de José Rodriguez)
300 _a64 p. ;
_c23 cm.
490 1 _aEl Teatro: Colección de obras dramáticas
594 _aEn port.: Estrenada ...en el Teatro Eslava, el día 18 de abril de 1879.
830 0 _aEl Teatro: Colección de obras dramáticas
_9187705
852 _aES-MaACL
_jF-8593(4)
_z-- Enc. pasta española
_z-- Enc. en un vol. facticio
_q.- Falto de la cub. original
_z.- Enc. en un fol. facticio formando parte de la col. facticia "Teatro español moderno", vol. 46
999 _c151780
_d151780